| 000 | 00567nam a2200205Ia 4500 | ||
|---|---|---|---|
| 003 | GCL | ||
| 008 | 140319s9999 xx 000 0 ara d | ||
| 040 |
_aGCL / _cGCL |
||
| 082 | 0 | 4 |
_aق _b923.2 _bن ث |
| 100 | 1 | _aنجيب محفوظ | |
| 245 | 1 | 0 |
_aالثائر العظيم: عبدالله النديم / _cنجيب محفوظ |
| 700 | 1 | _aنجيب توفيق | |
| 300 | _a181 ص | ||
| 490 |
_a100 قصة _v0 |
||
| 650 | 0 | 4 | _aالعصر الحديث |
| 650 | 0 | 4 | _aمصر |
| 650 | 0 | 4 | _aالتاريخ |
| 650 | 0 | 4 | _aعبدالله النديم |
| 942 |
_2ddc _cBK |
||
| 999 |
_c45788 _d45788 |
||